000 00728nam a2200241Ia 4500
003 OSt
005 20220928115053.0
006 a|||||r|||| 00| 0
007 ta
008 220927b |||||||| |||| 00| 0 eng d
024 _a26556
037 _cTextual
040 _aSDCL
_cSDCL
_beng
041 _2eng
_aeng
082 _aG:6:(L:44), M4
100 _aDe Serres Frederick J Ed.
_9442949
245 0 _aIndividual susceptibility to genotoxic agents in the human population.
260 _aNew York
_b Plenum Press
_c1984
300 _ax,518p
_ccm.
700 _a Pero Ronald W Ed.
_9442950
942 _hG:6:(L:44), M4
_cTEXL
_2CC
999 _c758124
_d758124